La educación en derechos humanos y la escuela

El documento presenta un análisis de los derechos humanos en las Escuelas, determinando los elementos relacionados entre la escuela y los derechos humanos, así como la relación de las autoridades presentes y del acatamiento de las normas administrativas para garantizar los derechos humanos de los es...

Mô tả đầy đủ

Đã lưu trong:
Chi tiết về thư mục
Định dạng: Không biết
Ngôn ngữ:Spanish
Được phát hành: Sin lugar : Asociación Distrital de Educadores. Comisión Pedagógica
Phiên bản:Sin edición
Những chủ đề:
Các nhãn: Thêm thẻ
Không có thẻ, Là người đầu tiên thẻ bản ghi này!

MARC

LEADER 00000 a2200000 04500
001 47969
003 cru CIDCACS/IIS
005 20220808094834.0
008 991231ss.f. spa d
020 |a Sin ISBN  
022 |a Sin ISBN  
040 |c cru CIDCACS/IIS 
090 |a 06.02.02 C733e 
245 |a La educación en derechos humanos y la escuela  
250 |a Sin edición  
260 |a Sin lugar :   |b Asociación Distrital de Educadores. Comisión Pedagógica  
300 |a 5 páginas   |b Sin ilust.  
500 |a Colección ALFORJA  
520 |a El documento presenta un análisis de los derechos humanos en las Escuelas, determinando los elementos relacionados entre la escuela y los derechos humanos, así como la relación de las autoridades presentes y del acatamiento de las normas administrativas para garantizar los derechos humanos de los estudiantes. 
650 |a EDUCACION  
650 |2 Macrothesaurus de la OCDE/  
650 |a DERECHOS HUMANOS  
650 |2 Macrothesaurus de la OCDE/  
650 |a ESCUELAS  
650 |2 Macrothesaurus de la OCDE/  
650 |a PARTICIPACION COMUNITARIA  
650 |2 Macrothesaurus de la OCDE/  
650 |a DEMOCRACIA  
650 |2 Macrothesaurus de la OCDE/  
650 |a LIBERTAD  
650 |2 Macrothesaurus de la OCDE/  
650 |a PEDAGOGIA  
650 |a Listado unificado de CLACSO/  
942 |2 ddc  |c LI 
999 |c 11235  |d 11235